<?xml version="1.0" encoding="UTF-8"?>
<marc:record xmlns:marc="http://www.loc.gov/MARC21/slim">
   <marc:leader>00000nam a2200000 a 4500</marc:leader>
   <marc:datafield ind1="1" ind2=" " tag="100">
      <marc:subfield code="a">Hibbert, Clare</marc:subfield>
      <marc:subfield code="4">aut</marc:subfield>
      <marc:subfield code="e">Verfasser/-in</marc:subfield>
   </marc:datafield>
   <marc:datafield ind1="0" ind2="0" tag="245">
      <marc:subfield code="a">100 Ereignisse, die die Welt verändert haben</marc:subfield>
   </marc:datafield>
   <marc:datafield ind1=" " ind2="1" tag="264">
      <marc:subfield code="b">Dorling Kindersley</marc:subfield>
      <marc:subfield code="c">2017</marc:subfield>
   </marc:datafield>
   <marc:datafield ind1="1" ind2=" " tag="490">
      <marc:subfield code="a">Dorling Kindersley</marc:subfield>
   </marc:datafield>
   <marc:datafield ind1="1" ind2=" " tag="520">
      <marc:subfield code="a">Geschichte mal anders! Von den ersten olympischen Spielen über die Französische Revolution bis hin zum Fall der Berliner Mauer – dieses Buch erzählt euch in unterhaltsamen Texten und witzigen Illustrationen von den wichtigsten Ereignissen der Weltgeschichte.
Ob der Kampf um Rom, das Ende der Apartheid oder Luthers 95 Thesen – all dies hat die Geschichte nachhaltig beeinflusst. Hier findet ihr nicht nur Wissenswertes über den Verlauf und die Auswirkungen dieser Geschehnisse sondern auch zusätzliche kuriose Infos, die euch garantiert zum Staunen bringen! Wer hätte zum Beispiel gedacht, dass der chinesische Philosoph Konfuzius vermutlich nie ein Buch schrieb, sondern seine Reden allesamt von seinen Anhängern gesammelt und niedergeschrieben wurden?
Dieser ungewöhnliche Schmöker lässt euch nicht nur die wichtigsten Geschichtsereignisse entdecken, sondern erklärt euch auch die zeitlichen und kausalen Zusammenhänge.</marc:subfield>
   </marc:datafield>
   <marc:datafield ind1=" " ind2=" " tag="020">
      <marc:subfield code="a">9783831032105</marc:subfield>
      <marc:subfield code="9">9783831032105</marc:subfield>
   </marc:datafield>
</marc:record>
